[Event "26th Klatovy B 2018"]
[Site "Klatovy CZE"]
[Date "2018.07.07"]
[Round "8.9"]
[White "Sedlak, Jakub"]
[Black "Vachal, Josef1"]
[Result "1/2-1/2"]
[WhiteElo "1500"]
[BlackElo "1829"]
[PlyCount "24"]
[EventDate "2018.06.30"]
[EventType "swiss"]
[EventRounds "9"]
[EventCountry "CZE"]

1. e4 e5 2. Nf3 Nc6 3. d4 exd4 4. Nxd4 Bc5 5. Be3 Qf6 6. c3 Nge7 7. Bc4 O-O 8. O-O d6 9. Nxc6 Nxc6 10. Bxc5 dxc5 11. f4 Be6 12. Bxe6 Qxe6 1/2-1/2

[Event "26th Klatovy B 2018"]
[Site "Klatovy CZE"]
[Date "2018.07.07"]
[Round "8.10"]
[White "Danko, Jiri"]
[Black "Benes, Jachym"]
[Result "1-0"]
[WhiteElo "1954"]
[BlackElo "1386"]
[PlyCount "69"]
[EventDate "2018.06.30"]
[EventType "swiss"]
[EventRounds "9"]
[EventCountry "CZE"]

1. e4 e5 2. Nf3 Nc6 3. Bb5 a6 4. Ba4 Nf6 5. O-O b5 6. Bb3 Be7 7. Re1 d6 8. c3 O-O 9. a4 Bb7 10. d3 Re8 11. Nbd2 Bf8 12. Nf1 h6 13. Ng3 g6 14. Nd2 Bg7 15. Ndf1 Ne7 16. f4 c5 17. Qf3 Nc6 18. axb5 axb5 19. Rxa8 Qxa8 20. f5 g5 21. Nh5 Qd8 22. Nfg3 Na5 23. Nxf6+ Bxf6 24. Bd5 Bxd5 25. exd5 c4 26. dxc4 Nxc4 27. Ne4 Kg7 28. Qh5 Rh8 29. b3 Na5 30. Ba3 Be7 31. f6+ Bxf6 32. Rf1 Qb6+ 33. Kh1 Qe3 34. Nxf6 Qd3 35. Ne8+ 1-0

[Event "26th Klatovy B 2018"]
[Site "Klatovy CZE"]
[Date "2018.07.07"]
[Round "8.11"]
[White "Sova, Zdenek"]
[Black "Zednik, Zdenek"]
[Result "1/2-1/2"]
[WhiteElo "1682"]
[BlackElo "1913"]
[PlyCount "38"]
[EventDate "2018.06.30"]
[EventType "swiss"]
[EventRounds "9"]
[EventCountry "CZE"]

1. Nf3 c5 2. c4 Nf6 3. d4 cxd4 4. Nxd4 e6 5. Nc3 Bb4 6. Bd2 Nc6 7. Nxc6 bxc6 8. e3 O-O 9. a3 Be7 10. Bd3 d5 11. cxd5 exd5 12. O-O Be6 13. b4 Qd7 14. Ne2 Ne4 15. Nd4 Nxd2 16. Nxe6 Nxf1 17. Nxf8 Rxf8 18. Kxf1 f5 19. Rc1 Bd6 1/2-1/2

[Event "26th Klatovy B 2018"]
[Site "Klatovy CZE"]
[Date "2018.07.07"]
[Round "8.12"]
[White "Krobot, Jan"]
[Black "Jirasek, Jiri"]
[Result "0-1"]
[WhiteElo "1680"]
[BlackElo "1903"]
[PlyCount "82"]
[EventDate "2018.06.30"]
[EventType "swiss"]
[EventRounds "9"]
[EventCountry "CZE"]

1. d4 Nf6 2. Bf4 d5 3. e3 g6 4. c3 Bg7 5. Be2 O-O 6. Nf3 Nbd7 7. Nbd2 Re8 8. h4 h5 9. Ne5 Nxe5 10. Bxe5 Ng4 11. Bxg7 Kxg7 12. Bxg4 Bxg4 13. f3 Bf5 14. g4 hxg4 15. fxg4 Bd7 16. Qf3 e5 17. O-O-O e4 18. Qf4 Qf6 19. Qg3 Qa6 20. Kb1 Qe2 21. Rhg1 Rac8 22. Qf4 f6 23. Rdf1 Rf8 24. Nb3 Rf7 25. g5 Rcf8 26. gxf6+ Rxf6 27. Qe5 Qxe3 28. Rxf6 Rxf6 29. Rg5 Qe1+ 30. Nc1 Bf5 31. Qxc7+ Rf7 32. Qe5+ Kh7 33. h5 e3+ 34. Rxf5 Rxf5 35. Qe7+ Kh6 36. hxg6 Kxg6 37. Qe6+ Kg5 38. Qe7+ Kf4 39. Qxb7 e2 40. Kc2 Qxc1+ 41. Kd3 Qd1# 0-1

[Event "26th Klatovy B 2018"]
[Site "Klatovy CZE"]
[Date "2018.07.07"]
[Round "8.13"]
[White "Simacek, Vaclav"]
[Black "Skutil, Frantisek"]
[Result "1-0"]
[WhiteElo "1868"]
[BlackElo "1336"]
[PlyCount "21"]
[EventDate "2018.06.30"]
[EventType "swiss"]
[EventRounds "9"]
[EventCountry "CZE"]

1. e4 c5 2. Nf3 d6 3. d4 cxd4 4. Nxd4 a6 5. Nc3 Nc6 6. Be3 g6 7. Qd2 Bg7 8. f3 Nf6 9. O-O-O O-O 10. g4 b5 11. Nxc6 1-0

[Event "26th Klatovy B 2018"]
[Site "Klatovy CZE"]
[Date "2018.07.07"]
[Round "8.14"]
[White "Svec, Vitezslav"]
[Black "Novotny, Jaromir"]
[Result "0-1"]
[WhiteElo "1632"]
[BlackElo "1780"]
[PlyCount "46"]
[EventDate "2018.06.30"]
[EventType "swiss"]
[EventRounds "9"]
[EventCountry "CZE"]

1. d4 Nf6 2. Bg5 d6 3. Nf3 g6 4. Nc3 Bg7 5. e4 Bg4 6. Be2 Nbd7 7. Qd2 O-O 8. Bh6 c5 9. Bxg7 Kxg7 10. Rd1 Qb6 11. O-O Bxf3 12. Bxf3 cxd4 13. Qxd4 Qxd4 14. Rxd4 Rac8 15. g3 Ne5 16. Bg2 Nc4 17. Rb1 b6 18. Nd5 Nxd5 19. exd5 Rfd8 20. b3 Na3 21. Re1 Nxc2 22. Rdd1 Nxe1 23. Rxe1 Kf8 0-1

[Event "26th Klatovy B 2018"]
[Site "Klatovy CZE"]
[Date "2018.07.07"]
[Round "8.15"]
[White "Zimovcak, Zdenek"]
[Black "Schille, Hannes"]
[Result "0-1"]
[WhiteElo "1609"]
[BlackElo "1750"]
[PlyCount "120"]
[EventDate "2018.06.30"]
[EventType "swiss"]
[EventRounds "9"]
[EventCountry "CZE"]

1. e4 c5 2. Nf3 Nc6 3. c4 d6 4. Nc3 g6 5. d3 Bg7 6. Bd2 Nf6 7. Be2 O-O 8. O-O b6 9. Qc1 a6 10. a3 Na5 11. Qc2 Bg4 12. h3 Bxf3 13. Bxf3 Nc6 14. Ne2 Ne5 15. Ng3 Nxf3+ 16. gxf3 Qd7 17. Kg2 b5 18. cxb5 Qxb5 19. Ra2 Nd7 20. b4 cxb4 21. axb4 Ne5 22. Ra3 Rfc8 23. Qb3 Nc6 24. Rb1 Nd4 25. Qd1 Nc2 26. Rab3 Qa4 27. Ne2 Na3 28. Nc3 Bxc3 29. Rxc3 Qxd1 30. Rxd1 Rxc3 31. Bxc3 Nb5 32. Bd2 Rc8 33. Rc1 Rxc1 34. Bxc1 Nd4 35. Bd2 Kf8 36. Be3 Nc2 37. Bd2 Ke8 38. Bc3 Kd7 39. Kf1 Kc6 40. Ke2 Kb5 41. Kd2 Nxb4 42. Bg7 d5 43. Kc3 a5 44. h4 e6 45. Bf8 Nc6 46. f4 a4 47. f3 h5 48. Ba3 d4+ 49. Kd2 f5 50. e5 Na5 51. Kc2 Nb3 52. Kd1 Nc5 53. Kc2 Na6 54. Kc1 Nb4 55. Kd2 Nd5 56. Bb2 Nxf4 57. Bxd4 Kb4 58. Kc2 Ng2 59. Bf2 f4 60. Kb2 a3+ 0-1

[Event "26th Klatovy B 2018"]
[Site "Klatovy CZE"]
[Date "2018.07.07"]
[Round "8.16"]
[White "Macho, Miloslav"]
[Black "Kotal, Vit"]
[Result "1/2-1/2"]
[WhiteElo "1710"]
[BlackElo "1464"]
[PlyCount "73"]
[EventDate "2018.06.30"]
[EventType "swiss"]
[EventRounds "9"]
[EventCountry "CZE"]

1. e4 c5 2. Nc3 g6 3. g3 Bg7 4. Bg2 Nc6 5. Nge2 e6 6. d3 Nge7 7. Bf4 e5 8. Bg5 O-O 9. O-O d6 10. Nd5 f6 11. Nxe7+ Qxe7 12. Bd2 Be6 13. f4 Bg4 14. h3 Bxe2 15. Qxe2 Nd4 16. Qd1 Kh8 17. c3 Nc6 18. f5 g5 19. Bf3 b5 20. a3 a5 21. Qb3 Rab8 22. Qd5 Rfc8 23. Bd1 a4 24. Bh5 Nd8 25. Rfb1 c4 26. Be3 Bf8 27. Rd1 Qc7 28. Rab1 cxd3 29. Qxd3 Nc6 30. h4 gxh4 31. gxh4 Ne7 32. Bf3 Ng8 33. Kh2 Rd8 34. Qd2 d5 35. Qg2 dxe4 36. Bxe4 Bh6 37. Qe2 1/2-1/2

[Event "26th Klatovy B 2018"]
[Site "Klatovy CZE"]
[Date "2018.07.07"]
[Round "8.17"]
[White "Merinsky, Vaclav"]
[Black "Zak, Jiri1"]
[Result "1-0"]
[WhiteElo "1565"]
[BlackElo "1702"]
[PlyCount "57"]
[EventDate "2018.06.30"]
[EventType "swiss"]
[EventRounds "9"]
[EventCountry "CZE"]

1. e4 c5 2. Nf3 e6 3. d4 cxd4 4. Nxd4 Nc6 5. Nxc6 bxc6 6. Nc3 Nf6 7. Bd2 Be7 8. e5 Nd5 9. Nxd5 cxd5 10. Bd3 a5 11. O-O Ba6 12. Qg4 Bf8 13. Kh1 Qb8 14. Bxa6 Rxa6 15. f4 Qxb2 16. Rab1 Qxc2 17. Rb8+ Ke7 18. Rxf8 Kxf8 19. Rc1 Rc6 20. Rxc2 Rxc2 21. Qg5 Ke8 22. Be3 Re2 23. h3 Rg8 24. Bg1 h6 25. Qh4 g5 26. fxg5 hxg5 27. Qh7 Rg6 28. Qh8+ Ke7 29. Bb6 1-0

[Event "26th Klatovy B 2018"]
[Site "Klatovy CZE"]
[Date "2018.07.07"]
[Round "8.18"]
[White "Pecka, Jan"]
[Black "Mareska, Daniel"]
[Result "1/2-1/2"]
[WhiteElo "1383"]
[BlackElo "1697"]
[PlyCount "34"]
[EventDate "2018.06.30"]
[EventType "swiss"]
[EventRounds "9"]
[EventCountry "CZE"]

1. d4 d5 2. Nf3 Nf6 3. Bg5 e6 4. c4 Be7 5. e3 O-O 6. Bd3 Nbd7 7. O-O h6 8. Bf4 c5 9. Nc3 cxd4 10. exd4 dxc4 11. Bxc4 Nb6 12. Bb3 Nbd5 13. Nxd5 Nxd5 14. Bxd5 Qxd5 15. Re1 Bd6 16. Bxd6 Qxd6 17. Qe2 Rd8 1/2-1/2

[Event "26th Klatovy B 2018"]
[Site "Klatovy CZE"]
[Date "2018.07.07"]
[Round "8.19"]
[White "Matejicek, Vojtech"]
[Black "Kovar, Vaclav 1953"]
[Result "1/2-1/2"]
[WhiteElo "1393"]
[BlackElo "1688"]
[PlyCount "25"]
[EventDate "2018.06.30"]
[EventType "swiss"]
[EventRounds "9"]
[EventCountry "CZE"]

1. d4 d5 2. c4 Nf6 3. cxd5 Qxd5 4. Nc3 Qd8 5. e4 e6 6. Nf3 Be7 7. Bc4 O-O 8. O-O a6 9. e5 Nd5 10. Nxd5 exd5 11. Bd3 Bg4 12. h3 Bh5 13. Be3 1/2-1/2

[Event "26th Klatovy B 2018"]
[Site "Klatovy CZE"]
[Date "2018.07.07"]
[Round "8.20"]
[White "Perik, Alois"]
[Black "Prazak, Daniel"]
[Result "1/2-1/2"]
[WhiteElo "1832"]
[BlackElo "1364"]
[PlyCount "93"]
[EventDate "2018.06.30"]
[EventType "swiss"]
[EventRounds "9"]
[EventCountry "CZE"]

1. c4 e6 2. Nc3 d5 3. e3 Nf6 4. Nf3 Be7 5. d4 O-O 6. Bd3 Nbd7 7. O-O b6 8. Qe2 Bb7 9. Bd2 c5 10. Rac1 Re8 11. Rfd1 Rc8 12. h3 dxc4 13. Bxc4 Bxf3 14. gxf3 cxd4 15. exd4 Nb8 16. Bb5 Rf8 17. Bf4 Nd5 18. Nxd5 Qxd5 19. Bc4 Qf5 20. Qe4 Qg6+ 21. Kh2 Qxe4 22. fxe4 Rfd8 23. d5 exd5 24. Bxd5 Rxc1 25. Rxc1 Bc5 26. Bxb8 Rxb8 27. Kg2 g6 28. a3 a5 29. Rc4 Kf8 30. b4 axb4 31. axb4 Bd6 32. b5 Bc5 33. Ra4 Re8 34. Bc6 Re7 35. Ra8+ Kg7 36. Bd5 Bd6 37. f3 g5 38. Ra6 Bc5 39. h4 h6 40. hxg5 hxg5 41. Kg3 f6 42. Ra8 Kg6 43. Kg4 Bf2 44. Rg8+ Rg7 45. Ra8 Rh7 46. Rg8+ Rg7 47. Rxg7+ 1/2-1/2

[Event "26th Klatovy B 2018"]
[Site "Klatovy CZE"]
[Date "2018.07.07"]
[Round "8.21"]
[White "Vavrinek, Tomas"]
[Black "Celovsky, Jan"]
[Result "0-1"]
[WhiteElo "1785"]
[BlackElo "1397"]
[PlyCount "80"]
[EventDate "2018.06.30"]
[EventType "swiss"]
[EventRounds "9"]
[EventCountry "CZE"]

1. d4 d5 2. Nf3 Nc6 3. c4 Bg4 4. e3 e5 5. Qb3 Bxf3 6. gxf3 exd4 7. Qxb7 Ne5 8. Qxd5 Qxd5 9. cxd5 Rb8 10. f4 Ng4 11. Bd3 Bc5 12. h3 N4f6 13. e4 Ne7 14. b3 c6 15. dxc6 Nxc6 16. e5 Nd5 17. Be4 Nce7 18. Bd2 Bb4 19. Bxb4 Rxb4 20. f5 f6 21. Nd2 O-O 22. Nc4 Rb5 23. e6 Nc3 24. Bd3 Nxf5 25. O-O Nh4 26. e7 Rfb8 27. e8=Q+ Rxe8 28. Nd6 Rg5+ 29. Kh1 Re7 30. Nc8 Rc7 31. Nd6 Nf3 32. Rac1 Rgc5 33. Kg2 Ne5 34. Bf5 Kf8 35. f4 Nf7 36. Nc4 Rxf5 37. Nd2 Rfc5 38. b4 R5c6 39. a3 Nd5 40. Rcd1 Ne3+ 0-1

[Event "26th Klatovy B 2018"]
[Site "Klatovy CZE"]
[Date "2018.07.07"]
[Round "8.22"]
[White "Dolejs, Jakub"]
[Black "Krupansky, Jaromir"]
[Result "1-0"]
[WhiteElo "1447"]
[BlackElo "1765"]
[PlyCount "69"]
[EventDate "2018.06.30"]
[EventType "swiss"]
[EventRounds "9"]
[EventCountry "CZE"]

1. d4 d5 2. c4 Nc6 3. Nf3 Bg4 4. e3 e5 5. cxd5 Qxd5 6. Be2 exd4 7. Nc3 Bb4 8. O-O Bxc3 9. bxc3 Nf6 10. Nxd4 Bxe2 11. Qxe2 O-O 12. Rd1 Rad8 13. Ba3 Rfe8 14. Rab1 a6 15. Nxc6 Qxc6 16. Rxd8 Rxd8 17. Be7 Qe4 18. Bxd8 Qxb1+ 19. Qf1 Qxf1+ 20. Kxf1 Ne4 21. c4 c6 22. Ke2 Kf8 23. f3 Ke8 24. fxe4 Kxd8 25. c5 Kc7 26. Kd3 b5 27. cxb6+ Kxb6 28. Kc4 c5 29. e5 Kc6 30. e4 Kb6 31. a4 a5 32. h4 h5 33. Kd5 g6 34. g3 Kc7 35. Kxc5 1-0

[Event "26th Klatovy B 2018"]
[Site "Klatovy CZE"]
[Date "2018.07.07"]
[Round "8.23"]
[White "Juhanak, Daniel"]
[Black "Cyron, Karel"]
[Result "0-1"]
[WhiteElo "1317"]
[BlackElo "1756"]
[PlyCount "78"]
[EventDate "2018.06.30"]
[EventType "swiss"]
[EventRounds "9"]
[EventCountry "CZE"]

1. d4 Nf6 2. Nf3 c5 3. c3 b6 4. g3 Bb7 5. Bg2 d6 6. O-O g6 7. Nbd2 Bg7 8. Qb3 Qc8 9. dxc5 dxc5 10. Ne5 O-O 11. Ndf3 Nc6 12. Nxc6 Bxc6 13. Rd1 Qb7 14. Bf4 Bd5 15. c4 Bc6 16. Qc2 Be4 17. Qc1 Rfd8 18. Rxd8+ Rxd8 19. Bh6 Bh8 20. Nh4 Bxg2 21. Nxg2 Ng4 22. Bd2 Bd4 23. Ne3 Qd7 24. Nxg4 Qxg4 25. e3 Bg7 26. Bc3 Qxc4 27. Qe1 Bxc3 28. bxc3 Rd3 29. Rd1 e5 30. Rxd3 Qxd3 31. Qc1 Kg7 32. Qa3 a5 33. Qb2 c4 34. Qc1 b5 35. a3 b4 36. axb4 axb4 37. cxb4 c3 38. Kg2 Qd5+ 39. Kg1 Qd2 0-1

[Event "26th Klatovy B 2018"]
[Site "Klatovy CZE"]
[Date "2018.07.07"]
[Round "8.25"]
[White "Dubnicka, Augustin 2000"]
[Black "Vasko, Pavel"]
[Result "1/2-1/2"]
[WhiteElo "1659"]
[BlackElo "1610"]
[PlyCount "41"]
[EventDate "2018.06.30"]
[EventType "swiss"]
[EventRounds "9"]
[EventCountry "CZE"]

1. d4 Nf6 2. Nf3 e6 3. Bg5 Be7 4. c4 d5 5. Nc3 O-O 6. e3 b6 7. Be2 Bb7 8. O-O h6 9. Bh4 Nbd7 10. Rc1 c5 11. Bg3 Rc8 12. cxd5 exd5 13. Nb5 a6 14. Nd6 Bxd6 15. Bxd6 Re8 16. dxc5 bxc5 17. b3 Re6 18. Bg3 Qe7 19. Bd3 Rec6 20. Bf5 Rb6 21. Re1 1/2-1/2

[Event "26th Klatovy B 2018"]
[Site "Klatovy CZE"]
[Date "2018.07.07"]
[Round "8.26"]
[White "Kirs, Pavel"]
[Black "Martinkova, Magdalena"]
[Result "0-1"]
[WhiteElo "1579"]
[BlackElo "1186"]
[PlyCount "78"]
[EventDate "2018.06.30"]
[EventType "swiss"]
[EventRounds "9"]
[EventCountry "CZE"]

1. b3 e5 2. Bb2 d6 3. e3 Nf6 4. d4 Nc6 5. Bb5 Bd7 6. a3 a6 7. Be2 g6 8. d5 Ne7 9. c4 Bg7 10. Bd3 O-O 11. Ne2 Bc8 12. O-O Nd7 13. e4 f5 14. Nd2 Nf6 15. Qc2 f4 16. b4 Rf7 17. c5 g5 18. Rac1 Ng6 19. Qb3 g4 20. Bb1 Bh6 21. Rcd1 Nh5 22. g3 f3 23. Nc3 Nhf4 24. Kh1 Ne2 25. Bd3 Nd4 26. Qc4 Bxd2 27. Rxd2 h5 28. Nb1 Qf6 29. Bxd4 exd4 30. Bc2 h4 31. Qxd4 Ne5 32. Qe3 Nc4 33. Qd4 Nxd2 34. Qxf6 Rxf6 35. Nxd2 hxg3 36. hxg3 Rh6+ 37. Kg1 Bd7 38. Rd1 Kg7 39. Kf1 Rh1# 0-1

[Event "26th Klatovy B 2018"]
[Site "Klatovy CZE"]
[Date "2018.07.07"]
[Round "8.28"]
[White "Stastny, Simon"]
[Black "Mykiska, Vojtech"]
[Result "0-1"]
[WhiteElo "1092"]
[BlackElo "1576"]
[PlyCount "61"]
[EventDate "2018.06.30"]
[EventType "swiss"]
[EventRounds "9"]
[EventCountry "CZE"]

1. e4 e5 2. Nf3 Nc6 3. d4 exd4 4. Nxd4 Nf6 5. Nc3 Bb4 6. Nxc6 bxc6 7. Bd3 d5 8. exd5 cxd5 9. Qe2+ Be6 10. Bb5+ Nd7 11. Bd2 O-O 12. a3 Ba5 13. b4 Bb6 14. O-O Qf6 15. Bxd7 Bxd7 16. Nxd5 Qd6 17. Nxb6 axb6 18. Rfc1 Rad8 19. Be3 Rfe8 20. Qd1 Qg6 21. Qf3 Bc6 22. Qg3 Qe4 23. Bh6 g6 24. f3 Qd4+ 25. Qf2 Qc3 26. Rd1 Bb5 27. f4 f6 28. h4 Rxd1+ 29. Rxd1 Re2 30. Qd4 Re1+ 31. Rxe1 0-1

[Event "26th Klatovy B 2018"]
[Site "Klatovy CZE"]
[Date "2018.07.07"]
[Round "8.29"]
[White "Asatryan, Manvel"]
[Black "Svejdar, Petr"]
[Result "1-0"]
[WhiteElo "1574"]
[BlackElo "1163"]
[PlyCount "37"]
[EventDate "2018.06.30"]
[EventType "swiss"]
[EventRounds "9"]
[EventCountry "CZE"]

1. e4 e5 2. d4 f6 3. dxe5 fxe5 4. Qh5+ g6 5. Qxe5+ Qe7 6. Qxh8 Nf6 7. Bh6 d6 8. Qxf8+ Qxf8 9. Bxf8 Kxf8 10. Nc3 Nc6 11. Bd3 Be6 12. Nge2 g5 13. f4 gxf4 14. Nxf4 Bd7 15. O-O Kg7 16. Ncd5 Nxd5 17. Nxd5 Rc8 18. Rf2 Ne5 19. Raf1 1-0

[Event "26th Klatovy B 2018"]
[Site "Klatovy CZE"]
[Date "2018.07.07"]
[Round "8.30"]
[White "Leseticky, Vladimir"]
[Black "Studenovsky, Jaroslav 1974"]
[Result "1-0"]
[WhiteElo "1730"]
[BlackElo "1000"]
[PlyCount "119"]
[EventDate "2018.06.30"]
[EventType "swiss"]
[EventRounds "9"]
[EventCountry "CZE"]

1. e4 e5 2. Nf3 Nc6 3. Bc4 Be7 4. d4 exd4 5. c3 dxc3 6. Qd5 Nh6 7. Bxh6 O-O 8. Bc1 Nb4 9. Qd1 c2 10. Qe2 cxb1=Q 11. Rxb1 d6 12. h3 Be6 13. Bxe6 fxe6 14. Nd4 Qd7 15. O-O c5 16. Qc4 d5 17. Qb5 Qxb5 18. Nxb5 Rfc8 19. a3 Nc6 20. exd5 exd5 21. Bf4 Rd8 22. Rfe1 Rd7 23. Rbd1 d4 24. Nc7 Rc8 25. Ne6 Nd8 26. Ng5 Bxg5 27. Bxg5 Nc6 28. Re6 c4 29. Kf1 d3 30. Bd2 Re7 31. Rxe7 Nxe7 32. Rc1 b5 33. Re1 Nf5 34. Bc3 Kf7 35. g4 Nh4 36. Re3 Rd8 37. Bd2 Re8 38. Rg3 Re2 39. Bc3 g5 40. Bd4 a6 41. Bc3 Ng6 42. Rf3+ Nf4 43. Bd4 d2 44. Rxf4+ gxf4 45. Kxe2 Ke6 46. Kxd2 Kd5 47. Bc3 Ke4 48. Ke2 f3+ 49. Kd2 Kf4 50. Ba5 Ke4 51. Kc3 Ke5 52. Bc7+ Kd5 53. Bb6 Ke4 54. Be3 Kd5 55. Kb4 Kc6 56. g5 Kd7 57. Ka5 Ke6 58. Kxa6 b4 59. axb4 Kf5 60. Kb5 1-0

[Event "26th Klatovy B 2018"]
[Site "Klatovy CZE"]
[Date "2018.07.07"]
[Round "8.31"]
[White "Janous, Marek"]
[Black "Kohout, Josef 1953"]
[Result "1-0"]
[WhiteElo "1394"]
[BlackElo "1888"]
[PlyCount "47"]
[EventDate "2018.06.30"]
[EventType "swiss"]
[EventRounds "9"]
[EventCountry "CZE"]

1. e4 e6 2. Nf3 c5 3. d4 cxd4 4. Nxd4 Nc6 5. Be3 Nf6 6. Nc3 Bb4 7. Bd3 d5 8. Nxc6 bxc6 9. exd5 exd5 10. Bd2 Bg4 11. f3 Qe7+ 12. Qe2 Be6 13. a3 Bc5 14. Na4 Bd6 15. O-O O-O 16. Kh1 Qc7 17. g3 Rfe8 18. Qf2 c5 19. Nc3 a6 20. Rfe1 d4 21. Ne4 Nxe4 22. Bxe4 Rab8 23. Bc1 Re7 24. Qe2 1-0

[Event "26th Klatovy B 2018"]
[Site "Klatovy CZE"]
[Date "2018.07.07"]
[Round "8.32"]
[White "Kuta, Miroslav"]
[Black "Vilimek, Vit"]
[Result "1-0"]
[WhiteElo "1725"]
[BlackElo "1448"]
[PlyCount "67"]
[EventDate "2018.06.30"]
[EventType "swiss"]
[EventRounds "9"]
[EventCountry "CZE"]

1. d4 Nf6 2. c4 g6 3. Nc3 d5 4. cxd5 Nxd5 5. Bd2 Nxc3 6. Bxc3 Bg7 7. e4 O-O 8. Nf3 Bg4 9. Be2 Nc6 10. e5 Kh8 11. h3 Bf5 12. d5 Nb8 13. O-O e6 14. Bc4 exd5 15. Bxd5 c6 16. Bb3 Qc7 17. Re1 Re8 18. Ng5 Re7 19. Qd6 Kg8 20. Rad1 Na6 21. e6 f6 22. Qxc7 Nxc7 23. Bb4 Ree8 24. e7+ Nd5 25. Rxd5 cxd5 26. Bxd5+ Kh8 27. Nf7+ Kg8 28. Nd6+ Kh8 29. Nxe8 Rxe8 30. Bf7 Bd7 31. Bxe8 Bxe8 32. Rc1 Kg8 33. Rc7 f5 34. Bc3 1-0

[Event "26th Klatovy B 2018"]
[Site "Klatovy CZE"]
[Date "2018.07.07"]
[Round "8.33"]
[White "Boucek, Vlastimil 1968"]
[Black "Soucek, Jan"]
[Result "1/2-1/2"]
[WhiteElo "1715"]
[BlackElo "1440"]
[PlyCount "57"]
[EventDate "2018.06.30"]
[EventType "swiss"]
[EventRounds "9"]
[EventCountry "CZE"]

1. d4 d5 2. Nf3 Nf6 3. e3 e6 4. c4 c6 5. c5 b6 6. b4 a5 7. bxa5 bxc5 8. Qc2 cxd4 9. Nxd4 Qxa5+ 10. Bd2 Qb6 11. Nc3 Bd7 12. Be2 Be7 13. O-O O-O 14. Nf3 Na6 15. Ne5 Qc7 16. Nxd7 Qxd7 17. Na4 Qa7 18. Rfb1 c5 19. Nc3 Rfc8 20. Nb5 Qd7 21. a4 Nc7 22. Be1 Nxb5 23. Bxb5 Qc7 24. a5 c4 25. Qa4 Ne8 26. Bxe8 Rxe8 27. a6 Reb8 28. Bc3 Bc5 29. Rxb8+ 1/2-1/2

[Event "26th Klatovy B 2018"]
[Site "Klatovy CZE"]
[Date "2018.07.07"]
[Round "8.34"]
[White "Vavrousek, Petr"]
[Black "Zeman, Lukas"]
[Result "1-0"]
[WhiteElo "1686"]
[BlackElo "1460"]
[PlyCount "79"]
[EventDate "2018.06.30"]
[EventType "swiss"]
[EventRounds "9"]
[EventCountry "CZE"]

1. e4 e5 2. Nf3 Nc6 3. Bb5 d6 4. d4 Bd7 5. O-O Nxd4 6. Bxd7+ Qxd7 7. Nxd4 exd4 8. Qxd4 Ne7 9. Nc3 Nc6 10. Qc4 Be7 11. Nd5 O-O 12. f4 Bd8 13. Bd2 Re8 14. Rae1 Ne7 15. Ne3 b5 16. Qd3 c5 17. Nd5 c4 18. Nxe7+ Rxe7 19. Qd5 Bb6+ 20. Kh1 Rae8 21. Bb4 Re6 22. e5 a5 23. Bxd6 Bc7 24. Rd1 Bxd6 25. exd6 Re2 26. Rd2 Re1 27. Rdf2 h6 28. Qd2 Rxf1+ 29. Rxf1 Re6 30. Rd1 a4 31. c3 Kf8 32. Kg1 f5 33. Kf2 g6 34. Qd4 Re4 35. Qh8+ Kf7 36. g3 Qa7+ 37. Kg2 Re2+ 38. Kh3 Qf2 39. Qh7+ Ke8 40. d7+ 1-0

[Event "26th Klatovy B 2018"]
[Site "Klatovy CZE"]
[Date "2018.07.07"]
[Round "8.35"]
[White "Beran, Jakub"]
[Black "Kubat, Zbynek"]
[Result "1/2-1/2"]
[WhiteElo "1349"]
[BlackElo "1681"]
[PlyCount "61"]
[EventDate "2018.06.30"]
[EventType "swiss"]
[EventRounds "9"]
[EventCountry "CZE"]

1. e4 d5 2. exd5 Qxd5 3. Nc3 Qa5 4. Nf3 c6 5. Bc4 Bg4 6. h3 Bxf3 7. Qxf3 e6 8. O-O Nf6 9. d3 Be7 10. Ne4 Nbd7 11. Qg3 Nxe4 12. dxe4 Qe5 13. Qxe5 Nxe5 14. Be2 O-O 15. b3 Bf6 16. Rb1 Nd7 17. Bb2 Rfd8 18. Bxf6 Nxf6 19. f3 Nh5 20. Rfd1 Nf4 21. Kf2 Nxe2 22. Kxe2 Kf8 23. c4 Ke7 24. Rb2 Rxd1 25. Kxd1 Rd8+ 26. Rd2 Rxd2+ 27. Kxd2 Kd6 28. Kd3 c5 29. f4 f6 30. g4 g5 31. Ke3 1/2-1/2

[Event "26th Klatovy B 2018"]
[Site "Klatovy CZE"]
[Date "2018.07.07"]
[Round "8.36"]
[White "Day, Tobias"]
[Black "Pucholt, Martin"]
[Result "1-0"]
[WhiteElo "1287"]
[BlackElo "1570"]
[PlyCount "107"]
[EventDate "2018.06.30"]
[EventType "swiss"]
[EventRounds "9"]
[EventCountry "CZE"]

1. e4 c5 2. Nf3 d6 3. d4 cxd4 4. Nxd4 Nf6 5. Nc3 a6 6. f3 e5 7. Nde2 h5 8. h4 Be6 9. Bg5 Be7 10. f4 Qc7 11. f5 Bc4 12. Ng3 Nbd7 13. Qd2 b5 14. a3 Rc8 15. Be2 Bxe2 16. Qxe2 Qc4 17. Qxc4 Rxc4 18. O-O O-O 19. Nxh5 Rfc8 20. Nxf6+ Bxf6 21. Rfe1 Bxg5 22. hxg5 Nb6 23. Re3 Rd4 24. Rd3 Rcc4 25. Rad1 Rxd3 26. Rxd3 Rc6 27. b3 Kf8 28. Kf2 Ke7 29. Ke2 f6 30. g6 Rc8 31. Kd2 Rh8 32. Rh3 Rg8 33. Nd5+ Nxd5 34. exd5 Kd7 35. g4 Kc7 36. Rc3+ Kb7 37. Rh3 Kb6 38. b4 a5 39. Rh7 axb4 40. axb4 Ka6 41. Ke3 Kb6 42. Kf3 Ka6 43. g5 fxg5 44. Kg4 Rc8 45. Rxg7 Rxc2 46. Kxg5 Rc4 47. Re7 Rxb4 48. g7 Rb1 49. Kf6 Rg1 50. Kf7 b4 51. g8=Q Rxg8 52. Kxg8 b3 53. Rg7 b2 54. Rg1 1-0

[Event "26th Klatovy B 2018"]
[Site "Klatovy CZE"]
[Date "2018.07.07"]
[Round "8.37"]
[White "Rychtecky, Pavel"]
[Black "Bauer, Jan 2005"]
[Result "0-1"]
[WhiteElo "1547"]
[BlackElo "1415"]
[PlyCount "64"]
[EventDate "2018.06.30"]
[EventType "swiss"]
[EventRounds "9"]
[EventCountry "CZE"]

1. e4 e5 2. f4 d5 3. exd5 exf4 4. Nf3 Nf6 5. d4 Nxd5 6. c4 Bb4+ 7. Kf2 Ne3 8. Qe2 O-O 9. a3 Ng4+ 10. Kg1 Re8 11. Qd3 Be1 12. Nxe1 Rxe1 13. Bxf4 Qf6 14. Qd2 Re4 15. Bg5 Qxd4+ 16. Qxd4 Rxd4 17. h3 Ne5 18. Nd2 Be6 19. Be3 Rd7 20. Be2 Nbc6 21. Kf2 Nd3+ 22. Bxd3 Rxd3 23. Rac1 Nd4 24. Rhe1 Rd8 25. Ne4 Nb3 26. Rc2 Bf5 27. Nc3 Rxe3 28. Rxe3 Bxc2 29. Nb5 Rd2+ 30. Ke1 g6 31. Rxb3 Rd1+ 32. Ke2 Bxb3 0-1

[Event "26th Klatovy B 2018"]
[Site "Klatovy CZE"]
[Date "2018.07.07"]
[Round "8.38"]
[White "Kotesovec, Jaroslav"]
[Black "Koci, Milos"]
[Result "1/2-1/2"]
[WhiteElo "1514"]
[BlackElo "1345"]
[PlyCount "43"]
[EventDate "2018.06.30"]
[EventType "swiss"]
[EventRounds "9"]
[EventCountry "CZE"]

1. e4 c5 2. Nf3 e6 3. d4 cxd4 4. Nxd4 a6 5. Bd3 d6 6. O-O Nf6 7. Bg5 Be7 8. Nc3 h6 9. Be3 Nbd7 10. f4 Qc7 11. f5 exf5 12. Nxf5 Kf8 13. Nd5 Nxd5 14. exd5 Nf6 15. Qf3 Bxf5 16. Bxf5 Qc4 17. Rad1 g6 18. Be4 Qxe4 19. Bd4 Qxf3 20. Rxf3 Rh7 21. Bxf6 Bxf6 22. Rxf6 1/2-1/2

[Event "26th Klatovy B 2018"]
[Site "Klatovy CZE"]
[Date "2018.07.07"]
[Round "8.39"]
[White "Kovar, Michal"]
[Black "Barta, David"]
[Result "1-0"]
[WhiteElo "1492"]
[BlackElo "1176"]
[PlyCount "21"]
[EventDate "2018.06.30"]
[EventType "swiss"]
[EventRounds "9"]
[EventCountry "CZE"]

1. Nf3 d5 2. g3 e6 3. c4 c6 4. Qb3 Qb6 5. cxd5 cxd5 6. Nc3 Nc6 7. Bg2 Nf6 8. Nb5 Nb4 9. O-O Kd8 10. Ne5 Bd7 11. Nxf7+ 1-0